000 00506nam a22001937a 4500
999 _c11914
_d11914
008 210609b ||||| |||| 00| 0 eng d
020 _a9788183715737
082 _a621.81
_bPRA
100 _aPrabhu, T. J.
245 _aBasic mechanical engineering
260 _aChennai
_bScitech publications pvt. ltd.
_c2020
300 _a355p.
650 _aMechanical engineering
650 _aSteam engineering
650 _aMachine-tools
700 _aJaiganesh, V.
700 _aJebaraj, S.
942 _cBK